000 00341nam a2200145Ia 4500
008 210716s1974 xx 000 0 und d
020 _a0809118378
041 _aeng
082 _a374.22 DUNG
100 _aDunne, George H.
245 _aRight to development.
260 _aNew York
_c1974
300 _a141
650 _aGeneral Knowledge
999 _c198314
_d198314